Hambrientos de pan y libertad / (Record no. 108210)

MARC details
000 -LEADER
campo de control de longitud fija 00606nam a2200205 4500
001 - NÚMERO DE CONTROL
campo de control 108210
003 - IDENTIFICADOR DE NÚMERO DE CONTROL
campo de control ES-MaACL
005 - FECHA Y HORA DE LA ÚLTIMA TRANSACCIÓN
campo de control 20230906184612.0
007 - CAMPO FIJO DE DESCRIPCIÓN FÍSICA--INFORMACIÓN GENERAL
campo de control de longitud fija t|
008 - DATOS DE LONGITUD FIJA--INFORMACIÓN GENERAL
campo de control de longitud fija 061121s1963 sp r ||||1| spa d
100 1# - ENTRADA PRINCIPAL--NOMBRE DE PERSONA
Nombre de persona Molt, Walter.
9 (RLIN) 82069
245 10 - MENCIÓN DEL TÍTULO
Título Hambrientos de pan y libertad /
Mención de responsabilidad, etc. Walter Molt; con un prólogo de Ernst Majonica.
260 ## - PUBLICACIÓN, DISTRIBUCIÓN, ETC.
Lugar de publicación, distribución, etc. Madrid :
Nombre del editor, distribuidor, etc. Euramerica,
Fecha de publicación, distribución, etc. 1963.
300 ## - DESCRIPCIÓN FÍSICA
Extensión 238 p. ;
Dimensiones 18 cm.
490 1# - MENCIÓN DE SERIE
Mención de serie Cristianismo y mundo.
700 1# - ENTRADA AGREGADA--NOMBRE PERSONAL
Nombre de persona Majonica, Ernst.
9 (RLIN) 75651
830 0# - PUNTO DE ACCESO ADICIONAL DE SERIE-TÍTULO UNIFORME
Título uniforme Cristianismo y mundo.
9 (RLIN) 182010
852 ## - LOCALIZACIÓN
Ubicación ES-MaACL
Número de control de estantería G-9863
Sublocalización o colección R.53059
Holdings
Estatus retirado Estado de pérdida Estado de daño No para préstamo Biblioteca de origen Biblioteca actual Ubicación en estantería Fecha de adquisición Fuente de adquisición Total de préstamos Signatura topográfica completa Código de barras Visto por última vez Precio de reemplazo Tipo de ítem Koha
        Biblioteca del Ateneo de Madrid Biblioteca del Ateneo de Madrid Sala Pecera Planta 3 17/01/2008     G-9863 1112916 23/02/2023 23/02/2023 Libro impreso